| 000 | 00733nam a2200229Ii 4500 | ||
|---|---|---|---|
| 003 | JO-AjNU | ||
| 008 | 230605s9999||||xx |||||||||||||| ||und|| | ||
| 017 | _a2001/3808 | ||
| 020 | _a977-01-3151-4 | ||
| 040 |
_aJO-AjNU _bara _erda _cJO-AjNU |
||
| 041 | _aara | ||
| 050 | 1 | 4 | _aBP75.5.H3234.2001 |
| 100 | 3 |
_aحبشي، حسن, _eauthor _940177 |
|
| 245 | 0 | 0 | _aقصة إسلام الصحابة، ج2 |
| 264 | 3 | 1 | _aالقاهرة:الهيئة المصرية العامة للكتاب ،2001 |
| 300 | _aج2، 309ص | ||
| 336 |
_atext _btxt _2rdacontent |
||
| 337 |
_aunmediated _bn _2rdamedia |
||
| 338 |
_avolume _bnc _2rdacarrier |
||
| 490 | 0 | _aدراسات اسلامية | |
| 650 | 4 |
_aالصحابة والتابعون _940178 |
|
| 999 |
_aA17028 _c20596 _d20596 |
||